MARC details
| 000 -CABECERA |
| campo de control de longitud fija |
03861nam a2200421 a 4500 |
| 003 - IDENTIFICADOR DEL NÚMERO DE CONTROL |
| campo de control |
CHAP |
| 005 - FECHA Y HORA DE LA ÚLTIMA TRANSACCIÓN |
| campo de control |
20250128100056.0 |
| 007 - CAMPO FIJO DE DESCRIPCIÓN FÍSICA--INFORMACIÓN GENERAL |
| campo de control de longitud fija |
ta |
| 008 - DATOS DE LONGITUD FIJA--INFORMACIÓN GENERAL |
| campo de control de longitud fija |
250128s2018 sp abdofr|||| 001 0 spa d |
| 020 ## - NÚMERO INTERNACIONAL ESTÁNDAR DEL LIBRO |
| Número Internacional Estándar del Libro |
978-84-200-1177-6 |
| 040 ## - FUENTE DE LA CATALOGACIÓN |
| Centro catalogador/agencia de origen |
mxchpua |
| Centro/agencia transcriptor |
CHAP |
| Normas de descripción |
rda |
| 041 ## - CÓDIGO DE LENGUA |
| Código de lengua del texto/banda sonora o título independiente |
spa |
| Código de lengua del sumario o resumen |
spa |
| Código de lengua de la tabla de contenido |
spa |
| Código de lengua original |
eng |
| 050 10 - SIGNATURA TOPOGRÁFICA DE LA BIBLIOTECA DEL CONGRESO |
| Número de clasificación |
SF275.Y6 |
| Número de documento/Ítem |
.E43 2018 |
| 082 00 - NÚMERO DE LA CLASIFICACIÓN DECIMAL DEWEY |
| Número de edición |
20 |
| Número de clasificación |
637.146 |
| Número de documento/Ítem |
E43 2018 |
| 240 10 - TÍTULO UNIFORME |
| Título uniforme |
Manufacturing yogurt and fermented milks. |
| Lenguaje de la obra |
Español |
| 245 10 - MENCIÓN DE TÍTULO |
| Título |
Elaboración de yogur y leches fermentadas / |
| Mención de responsabilidad, etc. |
editores Ramesh C. Chandan y Arun Kilara ; traductor Pedro Ducar Maluenda |
| 250 ## - MENCIÓN DE EDICIÓN |
| Mención de edición |
1a edición |
| 264 ## - PRODUCCIÓN, PUBLICACIÓN, DISTRIBUCIÓN, FABRICACIÓN Y COPYRIGHT |
| Producción, publicación, distribución, fabricación y copyright |
Zaragoza, España : |
| Nombre del de productor, editor, distribuidor, fabricante |
Acribia, |
| Fecha de producción, publicación, distribución, fabricación o copyright |
2018 |
| 300 ## - DESCRIPCIÓN FÍSICA |
| Extensión |
xviii, 508 páginas : |
| Otras características físicas |
ilustraciones, mapas, gráficas, diagramas, tablas, fotos |
| 336 ## - TIPO DE CONTENIDO |
| Fuente |
rdacontent |
| Término de tipo de contenido |
texto |
| Código de tipo de contenido |
txt |
| 337 ## - TIPO DE MEDIO |
| Fuente |
rdamedia |
| Nombre/término del tipo de medio |
sin medio |
| Código del tipo de medio |
n |
| 338 ## - TIPO DE SOPORTE |
| Fuente |
rdacarrier |
| Nombre/término del tipo de soporte |
volumen |
| Código del tipo de soporte |
nc |
| 504 ## - NOTA DE BIBLIOGRAFÍA, ETC. |
| Nota de bibliografía, etc. |
Incluye bibliografías |
| 505 0# - NOTA DE CONTENIDO CON FORMATO |
| Nota de contenido con formato |
Colaboradores --<br/>Prólogo a la primera y segunda edición --<br/>Parte I. Antecedentes básicos --<br/>1. Historia y tendencias de consumo --<br/>2. Composición de la leche, características físicas y procesado --<br/>3. Factores que regulan la producción, transporte y procesado de la leche --<br/>4. Regulaciones para los modelos de producto y etiquetado --<br/>5. Principios del procesado de los productos lácteos --<br/>6. Cultivos iniciadores para el yogur y las leches fermentadas --<br/>7. Materiales para el envasado de productos lácteos fermentados --<br/>8. Leche e ingredientes basados en la leche --<br/>Parte II. Fabricación del yogur --<br/>9. Yogur: Preparados de fruta y materias saborizantes --<br/>10. Ingredientes para manufacturar el yogur --<br/>11. Principios del procesado del yogur --<br/>12. Manufactura de diversos tipos de yogur --<br/>13 . Yogur estilo griego y productos relacionados --<br/>14. Limpieza y saneamiento de la planta --<br/>15. La planta productora de yogur: Asegurar la calidad --<br/>16. Análisis sensorial del yogur --<br/>Parte III. Fabricación de leches fermentadas --<br/>17. Mazada acidificada --<br/>18. Nata ácida/cultivada --<br/>19. Otras leches fermentadas y conteniendo cultivos --<br/>Parte IV. Beneficios para la salud --<br/>20. Alimentos funcionales y prevención de enfermedades --<br/>21. Beneficios para la salud del yogur y de las leches fermentadas --<br/>22. Probióticos y leches fermentadas --<br/>Índice alfabético. |
| 520 2# - SUMARIO, ETC. |
| Sumario, etc. |
El yogur es uno de los alimentos con un crecimiento más rápido. En este libro se recogen los avances en las normas reguladoras para la producción, transporte y procesado de la leche, yogur y leches fer-mentadas. También trata los grandes cambios que se han producido en la regulación de los estándares y etiquetados de los productos.<br/><br/>Incluye desde los avances más recientes sobre los preparados de frutas y materiales saborizantes para la manufactura del yogur hasta los avances en las áreas de probióticos y prebióticos y sus atributos para la salud.<br/><br/>En este libro el material que se expone sobre los principios científicos y la base de la tecnología del yogur tiene aplicaciones universales en todo el mundo.<br/><br/>Cabe esperar sea útil para estudiantes universitarios sobre la ciencia y tecnología de los alimentos lácteos y para el personal que trabaja en la industria alimentaria dedicada a la producción, investigación y desarrollo, control de calidad/seguridad y venta. |
| 650 13 - PUNTO DE ACCESO ADICIONAL DE MATERIA--TÉRMINO DE MATERIA |
| Término de materia o nombre geográfico como elemento de entrada |
Yogur |
| Fuente del encabezamiento o término |
atg |
| 9 (RLIN) |
147092 |
| 650 13 - PUNTO DE ACCESO ADICIONAL DE MATERIA--TÉRMINO DE MATERIA |
| Término de materia o nombre geográfico como elemento de entrada |
Leche fermentada |
| Fuente del encabezamiento o término |
atg |
| 9 (RLIN) |
149764 |
| 650 17 - PUNTO DE ACCESO ADICIONAL DE MATERIA--TÉRMINO DE MATERIA |
| Término de materia o nombre geográfico como elemento de entrada |
Productos lácteos |
| Fuente del encabezamiento o término |
atg |
| 9 (RLIN) |
92124 |
| 650 17 - PUNTO DE ACCESO ADICIONAL DE MATERIA--TÉRMINO DE MATERIA |
| Término de materia o nombre geográfico como elemento de entrada |
Industria lechera |
| Fuente del encabezamiento o término |
atg |
| 9 (RLIN) |
57819 |
| 650 17 - PUNTO DE ACCESO ADICIONAL DE MATERIA--TÉRMINO DE MATERIA |
| Término de materia o nombre geográfico como elemento de entrada |
Yogurt |
| Fuente del encabezamiento o término |
atg |
| 9 (RLIN) |
123161 |
| 650 13 - PUNTO DE ACCESO ADICIONAL DE MATERIA--TÉRMINO DE MATERIA |
| Término de materia o nombre geográfico como elemento de entrada |
Fermented milk |
| Fuente del encabezamiento o término |
atg |
| 9 (RLIN) |
149762 |
| 650 13 - PUNTO DE ACCESO ADICIONAL DE MATERIA--TÉRMINO DE MATERIA |
| Término de materia o nombre geográfico como elemento de entrada |
Dairy products |
| Fuente del encabezamiento o término |
atg |
| 9 (RLIN) |
147027 |
| 650 13 - PUNTO DE ACCESO ADICIONAL DE MATERIA--TÉRMINO DE MATERIA |
| Término de materia o nombre geográfico como elemento de entrada |
Dairy industry |
| Fuente del encabezamiento o término |
atg |
| 9 (RLIN) |
147068 |
| 700 1# - PUNTO DE ACCESO ADICIONAL--NOMBRE DE PERSONA |
| Nombre de persona |
Chandan, Ramesh C. |
| 9 (RLIN) |
147996 |
| Término indicativo de función/relación |
editor |
| 700 1# - PUNTO DE ACCESO ADICIONAL--NOMBRE DE PERSONA |
| Nombre de persona |
Kilara, Arun |
| 9 (RLIN) |
189957 |
| Término indicativo de función/relación |
Editor |
| 700 1# - PUNTO DE ACCESO ADICIONAL--NOMBRE DE PERSONA |
| Nombre de persona |
Ducar Maluenda, Pedro |
| 9 (RLIN) |
34347 |
| Término indicativo de función/relación |
traductor |
| 942 ## - ELEMENTOS DE PUNTO DE ACCESO ADICIONAL (KOHA) |
| Fuente del sistema de clasificación o colocación |
Dewey Decimal Classification |
| Tipo de ítem Koha |
Libro |